00845nam a22002657a 45000010005000000030006000050050017000110080041000280200018000690400029000870500014001160820012001301000031001422450082001732500022002552600036002773000045003135050007003585200098003655210019004635210018004826500024005006510022005247000033005465323FISKH20241126100824.0241126b cb ||||| |||| 00| 0 eng d a9780140560961 aFISKHbengcFISKHdFISKH aPZ7.V3273 a808.068 aLeeuwen, van jeand(1937-) aGoing west /cJean Van Leeuwen Pictures by Thomas B.Allen A Puffin Pied Piper aPublished in 1992 aNew York :bPuffin Book,c1992. a45 pages :bColor illustrations ;c22 cm aO  aFollows a family's emigration by prairie schooner from the East, across the plains to Kansas.8 a600L bLexile 8 aO bRaz-Plus  2FrontieraHardcover 2PioneersaHistory aB.Allen, ThomasdIllustrator